| 000 | 00414 a2200169 4500 | ||
|---|---|---|---|
| 020 | _a9780136009290 | ||
| 082 | _a512.5 | ||
| 090 |
_c7283 _d7283 |
||
| 100 | _aLeon, Steven J. | ||
| 245 |
_aLinear algebra with applications _cSteven J.Leon |
||
| 250 | _a8th ed. | ||
| 260 |
_aNew York _bPrentice Hall _c2010 |
||
| 300 | _a490 p. | ||
| 650 | _aAlgebras, Linear | ||
| 700 | _aSteven J.Leon | ||
| 942 |
_cBK _k512.5 LEO |
||
| 999 |
_c11086 _d11086 |
||